Hermana muerte

保存先:
書誌詳細
第一著者: Navarro, Justo (autor)
フォーマット: 図書
言語:スペイン語
出版事項: Madrid Alfaguara 1989
シリーズ:Alfaguara Hispanica, 66
主題:
タグ: タグ追加
タグなし, このレコードへの初めてのタグを付けませんか!

MARC

LEADER 00000nam a2200000 a 4500
001 UCX3909
003 CL-VaPUC
008 920117e19890000SP |||||||||||||||||spa|d
082 0 4 |a 863  |b NAV  |2 21 
100 |a Navarro, Justo  |e autor  |9 320110 
245 1 0 |a Hermana muerte 
300 |a 119 p 
942 |c BK 
945 |d 19920117 00:00:00 
260 |a Madrid  |b Alfaguara  |c 1989 
650 0 |a Novelas españolas  |9 265052 
583 |a last modification  |c 19920117 00:00:00  |k Rodrigo Vera 
490 0 |a Alfaguara Hispanica, 66 
999 |c 224527  |d 224525 
952 |0 0  |1 0  |4 0  |6 863_000000000000000_NAV_1989  |7 0  |8 A  |9 221224  |a BIBEDU  |b BIBEDU  |d 2019-11-15  |i 2900041  |o 863 NAV 1989  |p 2900041  |r 2019-11-15  |w 2019-11-15  |y BK  |k LIT